Country Quiz: Finland 🇫🇮 - Statistics

General Stats
  • This quiz has been taken 100 times
    86 since last reset
  • The average score is 19 of 35
Answer Stats
Hint Answer % Correct
Russia
98%
Language Finnish
97%
Nationality Finnish
97%
Between 13-18th century, Finland was under the rule of this country Sweden
97%
Sweden
97%
Capital Helsinki
95%
Nationality Swedish
88%
Time zones 1 (UTC+2)
86%
Currency Euro
86%
Bordering Countries Norway
86%
Bordering Seas Baltic sea
80%
Main Religion Christianity
74%
Second-Largest City Espoo
69%
Year of Independence 1917
66%
For Several Years in a Row, Finland has Been Ranked the Most ________ Country in the World Happiest
65%
Member of this Western military alliance NATO
62%
Gulf of Finland
58%
Measurement System Metric
57%
Main Lake Saimaa
52%
Member of this Western fiscal / political union European Union
48%
Bordering Gulfs Gulf of Bothnia
48%
State-Condition Republic
43%
After decades of fighting, in 1809, Finland was ceded, and became an autonomous Grand Duchy of this Empire until its independence Russian empire
43%
National Animal Brown Bear
38%
First female President of Finland (2000-2012) Tarja Halonen
38%
Leader (2019-2023) Sanna Marin
29%
Founding Father and Most Famous Leader Carl Gustaf Emil Mannerheim
28%
National Sport Pesäpallo
25%
Climate Temperate
20%
Unitary
17%
Type of Government Parliamentary
15%
Main Economic Sector Tertiary / Service
15%
National Dish Karjalanpiirakka
8%
In 2010, Finland became the first country in the world to give their citizen a judicial right to access to _____ ________ Broadband Internet
6%
Main Export Machinery
3%
No matching quizzes found
Score Distribution
Percent of People with Each Score
Percentile by Number Answered
Your Score History
You have not taken this quiz since the last reset